00317 2200133 4500001002100000005001500021035002000036245005500056100001800111300001200129260002000141082001000161990001200171INLIS00000000000228620250527031703 a0010-05250005781 aKimia SMU Kelas 2 Tengah Semester /cMichael Purba0 aMichael Purba a193 hlm bErlangga,c2000 a025.5 a0712734